000 00603nam a2200205Ia 4500
003 0100
008 130227s9999 xx 000 0 und d
040 _cARRUPELIB
050 _aSPC DT962.76G83 1970
100 _aGreenfield. Julian MacDonald
_99890
245 _aGreenfield
_btestimony of a Rhodesian Federal
260 _aBulawayo
260 _bBooks of Rhodesia
300 _axix
300 _b 259p. 23cm.
650 _bBalfour declaration
_99891
650 _cZionism--Great Britain--History--20th century
_99892
650 _dZionism--History--20th century
_99893
942 _2lcc
_cMONOGRAPH
999 _c4449
_d4449